5HLuxD.jpg

KING HENRY VIII SENIOR AND PRIMARY SCHOOL LIBRARY OPAC

CHARLOTTE'S WEB (Record no. 4945)

000 -LEADER
fixed length control field 00307nam a22001217a 4500
008 - FIXED-LENGTH DATA ELEMENTS--GENERAL INFORMATION
fixed length control field 250425b ||||| |||| 00| 0 eng d
020 ## - INTERNATIONAL STANDARD BOOK NUMBER
International Standard Book Number 9780064410939
082 ## - DEWEY DECIMAL CLASSIFICATION NUMBER
Classification number 813.52 WEB
100 ## - MAIN ENTRY--PERSONAL NAME
Personal name WHITE,E.B.
Relator term AUTHOR
245 ## - TITLE STATEMENT
Title CHARLOTTE'S WEB
260 ## - PUBLICATION, DISTRIBUTION, ETC.
Place of publication, distribution, etc. NEW YORK
Name of publisher, distributor, etc. HARPERCOLLINS CHILDREN'S BOOKS
942 ## - ADDED ENTRY ELEMENTS (KOHA)
Source of classification or shelving scheme
Holdings
Withdrawn status Lost status Source of classification or shelving scheme Damaged status Not for loan Collection code Permanent Location Current Location Shelving location Date acquired Total Checkouts Full call number Barcode Date due Date last seen Date last checked out Price effective from Koha item type Public note
          Fiction KH8 Primary School Library KH8 Primary School Library Fiction 2025-04-25 1 813.52 WEB KHPL000006816 2026-04-24 2026-04-17 2026-04-17 2025-04-25 Books - Fiction KH8 PRIMARY LIBRARY

Powered By KH8 IT Dept